| 000 | 00871nam a2200277 i 4500 | ||
|---|---|---|---|
| 003 | EG-ScBUE | ||
| 005 | 20240423142142.0 | ||
| 008 | 091122t1946 nyu f b 001 0 eng d | ||
| 040 |
_aEG-ScBUE _beng _erda _cEG-ScBUE _dEG-ScBUE |
||
| 043 | _aa-ii--- | ||
| 082 | 0 | 4 |
_222 _a954 _bNEH |
| 100 | 1 |
_aNehru, Jawaharlal, _d1889-1964, _eauthor. |
|
| 245 | 1 | 4 |
_aThe discovery of India / _cJawaharlal Nehru. |
| 264 | 1 |
_aNew York : _bThe John Day, _c[1946] |
|
| 264 | 4 | _cc1946 | |
| 300 |
_a595 pages ; _c21 cm |
||
| 336 |
_2rdacontent _atext _btxt |
||
| 337 |
_aunmediated _2rdamedia _bn |
||
| 338 |
_avolume _bnc _2rdacarrier |
||
| 504 | _aIncludes bibliographical references and index. | ||
| 651 | 7 |
_99492 _aIndia _xCivilization. _2BUEsh |
|
| 651 | 7 |
_99493 _aIndia _xHistory. _2BUEsh |
|
| 655 | _vReading book | ||
| 942 |
_2ddc _cBB |
||
| 999 |
_c12947 _d12947 |
||